000
00232nam a2200097Ia 4500
001
898952
005
20250826184439.0
008
250824s9999 xx 000 0 und d
245
0
_a
SICAK AYAZ
_c
SERKAN ÖZEL
260
_b
DESTEK YAYINLARI
999
_c
898952
_d
898952